000 00297nam a22001337a 4500
008 170803b xxu||||| |||| 00| 0 eng d
020 _a007931029-X
041 _aeng
080 _a004
100 _a32
101 _aSHK
245 _aTHE 8086 BOOK INCLUDES THE 8088
_cRECTOR,R
942 _2udc
_cBK
999 _c22594
_d22594